10 monuments les plus visités de paris - Statistiques

Statistiques générales
  • Ce quiz a été pris 623 fois
  • Le résultat moyen est 3 sur 10
Statistiques - réponses
Nombre de visiteurs Réponse % Correct
2 047 042 Tour Eiffel
97%
2 825 039 Musée du Louvre
89%
1 044 365 Musée d'Orsay
46%
1 501 040 Centre Pompidou - Musée national d'Art moderne
24%
615 795 Musée du quai Branly - Jacques Chirac
12%
518 587 Petit Palais - Musée des Beaux-Arts de la Ville de Paris
6%
606 383 Musée Carnavalet - Histoire de Paris
4%
1 406 238 Musée national d'Histoire naturelle
4%
691 000 Fondation Louis Vuitton
2%
983 797 Cité des sciences et de l'industrie - Universcience
1%
Aucun quiz correspondant
Distribution des résultats
% des personnes avec chaque résultat
Percentile par nombre de réponses
Votre historique - résultats
Vous n’avez pas pris ce quiz